The mining groups of the Yilgarn Goldfield, south of the Great Eastern Railway ... (Record no. 27746)
[ view plain ]
| 000 -LEADER | |
|---|---|
| fixed length control field | 01131cam a22002771 4500 |
| 001 - CONTROL NUMBER | |
| control field | gs 41000161 |
| 003 - CONTROL NUMBER IDENTIFIER | |
| control field | DLC |
| 005 - DATE AND TIME OF LATEST TRANSACTION | |
| control field | 20260227111347.0 |
| 008 - FIXED-LENGTH DATA ELEMENTS--GENERAL INFORMATION | |
| fixed length control field | 900507s1940 at abef b o000 0 eng |
| 010 ## - LIBRARY OF CONGRESS CONTROL NUMBER | |
| LC control number | gs 41000161 |
| 035 ## - SYSTEM CONTROL NUMBER | |
| System control number | (OCoLC)21486219 |
| 040 ## - CATALOGING SOURCE | |
| Original cataloging agency | DLC |
| Transcribing agency | TxU |
| Modifying agency | TxU |
| -- | DLC |
| 050 00 - LIBRARY OF CONGRESS CALL NUMBER | |
| Classification number | QE348 |
| Item number | .A2 no. 98, 99 |
| 082 ## - DEWEY DECIMAL CLASSIFICATION NUMBER | |
| Classification number | 622.3421 |
| 110 2# - MAIN ENTRY--CORPORATE NAME | |
| Corporate name or jurisdiction name as entry element | Geological Survey of Western Australia. |
| 245 14 - TITLE STATEMENT | |
| Title | The mining groups of the Yilgarn Goldfield, south of the Great Eastern Railway ... |
| 260 ## - PUBLICATION, DISTRIBUTION, ETC. | |
| Place of publication, distribution, etc. | Perth, |
| Name of publisher, distributor, etc. | F.W. Simpson, Government Printer, |
| Date of publication, distribution, etc. | 1940. |
| 300 ## - PHYSICAL DESCRIPTION | |
| Extent | 2 v. in 4. |
| Other physical details | illus. |
| Dimensions | 21 cm. + |
| Accompanying material | atlas of plates ((incl. maps, plans) 33 cm.) |
| 490 1# - SERIES STATEMENT | |
| Series statement | Bulletin |
| Volume/sequential designation | 98-99 |
| 504 ## - BIBLIOGRAPHY, ETC. NOTE | |
| Bibliography, etc. note | "Literature": pt. 1, p. 14-17; pt.2, p. 14-17. |
| 505 0# - FORMATTED CONTENTS NOTE | |
| Formatted contents note | pt. 1. From Southern Cross southwards to Marvel Loch, by R.S. Matheson and R.A. Hobson.--pt. 2. South of Marvel Loch, by R.A. Hobson and R.S. Matheson. |
| 650 #0 - SUBJECT ADDED ENTRY--TOPICAL TERM | |
| Topical term or geographic name entry element | Gold mines and mining |
| Geographic subdivision | Australia |
| -- | Western Australia. |
| 700 1# - ADDED ENTRY--PERSONAL NAME | |
| Personal name | Matheson, Robert S. |
| 700 1# - ADDED ENTRY--PERSONAL NAME | |
| Personal name | Hobson, Reginald Alan. |
| 830 #0 - SERIES ADDED ENTRY--UNIFORM TITLE | |
| Uniform title | Bulletin (Geological Survey of Western Australia) ; |
| Volume/sequential designation | 98-99. |
No items available.